<?xml version="1.0" encoding="UTF-8"?><?xml-stylesheet type="text/xsl" href="static/style.xsl"?><OAI-PMH xmlns="http://www.openarchives.org/OAI/2.0/" xmlns:xsi="http://www.w3.org/2001/XMLSchema-instance" xsi:schemaLocation="http://www.openarchives.org/OAI/2.0/ http://www.openarchives.org/OAI/2.0/OAI-PMH.xsd"><responseDate>2026-04-27T03:33:25Z</responseDate><request verb="GetRecord" identifier="oai:repisalud.isciii.es:20.500.12105/27437" metadataPrefix="marc">https://repisalud.isciii.es/rest/oai/request</request><GetRecord><record><header><identifier>oai:repisalud.isciii.es:20.500.12105/27437</identifier><datestamp>2026-04-21T00:18:01Z</datestamp><setSpec>com_20.500.12105_19604</setSpec><setSpec>com_20.500.12105_2051</setSpec><setSpec>col_20.500.12105_19605</setSpec></header><metadata><record xmlns="http://www.loc.gov/MARC21/slim" xmlns:dcterms="http://purl.org/dc/terms/" xmlns:doc="http://www.lyncode.com/xoai" xmlns:xsi="http://www.w3.org/2001/XMLSchema-instance" xsi:schemaLocation="http://www.loc.gov/MARC21/slim http://www.loc.gov/standards/marcxml/schema/MARC21slim.xsd">
   <leader>00925njm 22002777a 4500</leader>
   <datafield ind2=" " ind1=" " tag="042">
      <subfield code="a">dc</subfield>
   </datafield>
   <datafield ind2=" " ind1=" " tag="720">
      <subfield code="a">Martínez-Gómez, Jesús</subfield>
      <subfield code="e">author</subfield>
   </datafield>
   <datafield ind2=" " ind1=" " tag="720">
      <subfield code="a">Ciprián, Giovana M</subfield>
      <subfield code="e">author</subfield>
   </datafield>
   <datafield ind2=" " ind1=" " tag="720">
      <subfield code="a">Le Coroller, Gwenaëlle</subfield>
      <subfield code="e">author</subfield>
   </datafield>
   <datafield ind2=" " ind1=" " tag="720">
      <subfield code="a">Pexaras, Achilleas</subfield>
      <subfield code="e">author</subfield>
   </datafield>
   <datafield ind2=" " ind1=" " tag="720">
      <subfield code="a">Fernández-Jiménez, Rodrigo</subfield>
      <subfield code="e">author</subfield>
   </datafield>
   <datafield ind2=" " ind1=" " tag="720">
      <subfield code="a">Appenzeller, Brice M R</subfield>
      <subfield code="e">author</subfield>
   </datafield>
   <datafield ind2=" " ind1=" " tag="720">
      <subfield code="a">Ruiz-Castell, Maria</subfield>
      <subfield code="e">author</subfield>
   </datafield>
   <datafield ind2=" " ind1=" " tag="260">
      <subfield code="c">2025-11-10</subfield>
   </datafield>
   <datafield ind2=" " ind1=" " tag="520">
      <subfield code="a">Metabolic syndrome (MetS) and its components -central obesity, hypertriglyceridemia, reduced levels of serum high-density cholesterol (HDL-c), high blood pressure (BP), and hyperglycemia- are highly prevalent worldwide. Classical modifiable risk factors and environmental ones, such as exposure to pollutants can contribute to these high prevalence rates. We assessed whether exposure to pollutant mixtures was associated with MetS and its components, identifying key contributing pollutants. We analyzed data from 606 adults aged 25-64 from the European Health Examination Survey (2013-2015). Among 152 analyzed chemicals, 40 were present in over 50 % of the samples and classified as flame retardants, industrial wastes, and plastics (4), insecticides (17), herbicides (12), and fungicides (7). Using weighted quantile sum regressions, we estimated associations of groups of pollutants and the total mixture with metabolic outcomes. Exposure to insecticides was associated with high BP, hyperglycemia, and hypertriglyceridemia; herbicides with abdominal obesity; and fungicides with MetS, hyperglycemia, and hypertriglyceridemia. The total mixture increased the odds of all outcomes, except low HDL-c [average OR = 2.06 (5th PCT = 1.23); average OR = 1.83 (5th PCT = 1.03); average OR = 2.42 (5th PCT = 1.42); average OR = 1.19 (5th PCT = 0.77); average OR = 2.15 (5th PCT = 1.37); average OR = 1.89 (5th PCT = 1.10)]. Prosulfocarb was a probable contributor to the mixture effect on MetS and abdominal obesity, ClCFCA on hypertriglyceridemia, and PNP on high BP. In conclusion, chemical pollutants are more present in individuals with metabolic derangements, with potentially stronger effects when combined. Reducing pesticide use, promoting safer alternatives, and creating protocols/regulatory standards for multiple-exposure scenarios are crucial for public health.</subfield>
   </datafield>
   <datafield ind1="8" ind2=" " tag="024">
      <subfield code="a">Sci Total Environ. 2025 Nov 10:1003:180691.</subfield>
   </datafield>
   <datafield ind1="8" ind2=" " tag="024">
      <subfield code="a">https://hdl.handle.net/20.500.12105/27437</subfield>
   </datafield>
   <datafield ind1="8" ind2=" " tag="024">
      <subfield code="a">41075566</subfield>
   </datafield>
   <datafield ind1="8" ind2=" " tag="024">
      <subfield code="a">Science of the Total Environment</subfield>
   </datafield>
   <datafield tag="653" ind2=" " ind1=" ">
      <subfield code="a">Chemical mixtures</subfield>
   </datafield>
   <datafield tag="653" ind2=" " ind1=" ">
      <subfield code="a">Exposome</subfield>
   </datafield>
   <datafield tag="653" ind2=" " ind1=" ">
      <subfield code="a">Hair analysis</subfield>
   </datafield>
   <datafield tag="653" ind2=" " ind1=" ">
      <subfield code="a">Metabolic health</subfield>
   </datafield>
   <datafield tag="653" ind2=" " ind1=" ">
      <subfield code="a">Pesticides</subfield>
   </datafield>
   <datafield tag="653" ind2=" " ind1=" ">
      <subfield code="a">WQS regression</subfield>
   </datafield>
   <datafield ind2="0" ind1="0" tag="245">
      <subfield code="a">Chemical pollutant mixtures associated with metabolic health: Results from the European Health Examination Survey in Luxembourg.</subfield>
   </datafield>
</record></metadata></record></GetRecord></OAI-PMH>